00211nam a22000977a 4500008004100000082001400041100000900055245003200064260000900096300000800105230703b xxu||||| |||| 00| 0 eng d a342bCKRC cCKRC aKatiba Mpya Inayopendekezwa c2005 a75p